000 00411nam a2200157Ia 4500
003 GCL
008 140319s9999 xx 000 0 eng d
040 _aGCL /
_cGCL
082 0 4 _aCH
_b910.02
_bN D
100 1 _aLIBRARY OF CONGRESS
245 1 0 _aDOLPHING: OUR FRIENDS IN THE SEA /
_cLIBRARY OF CONGRESS
260 _a[S.N] :
_bLIBRARY OF CONGRESS
650 0 4 _aFISHES
650 0 4 _aDOLPHINS
942 _2ddc
_cBK
999 _c18983
_d18983